| 000 | 00000nam##2200000za#4500 |
| 001 | 9.700427 |
| 003 | CaOODSP |
| 005 | 20250506145324 |
| 007 | cr ||||||||||| |
| 008 | 150407|1961||||xxc|||||o f|0| 0 eng|d |
| 040 | |aCaOODSP|beng |
| 043 | |an-cn--- |
| 086 | 1 |aA43-935/1961E-PDF |
| 110 | 1 |aCanada.|bAgriculture Canada. |
| 245 | 10|aControl of the onion maggot / |h[electronic resource]|c[by] J.P. Perron, D.G. Finlayson and G.F. Manson. |
| 260 | |aOttawa - Ontario : |bAgriculture Canada |c1961. |
| 300 | |a8p.|billus. |
| 500 | |aIncorrect copyright date (1992) printed in this publication. |
| 500 | |aHistorical publication digitized by Agriculture and Agri-Food Canada. |
| 590 | |a15-03-Supp|b2015-03-13 |
| 690 | 07|aPlants|2gcpds |
| 690 | 07|aWild plants|2gcpds |
| 720 | 1 |aPerron, J. P. |
| 720 | 1 |aFinlayson, D. G. |
| 720 | 1 |aManson, G. F. |
| 775 | 08|tRépression de la mouche de l'oignon / |w(CaOODSP)9.644315 |
| 856 | 40|ahttp://publications.gc.ca|qPDF|s556 KB|uhttps://publications.gc.ca/collections/collection_2015/aac-aafc/A43-935-1961-eng.pdf |
| 986 | |aPublication 935 |